Criminal Justice: Social Issues.
This video focuses on the criminal justice system and its role in protecting society while attempting to rehabilitate those who are incarcerated. A close look is given to current events in the justice system — e.g., the odd phenomenon of national crime statistics reporting a decrease in crime while...
| Corporate Authors: | , |
|---|---|
| Format: | Video |
| Language: | English |
| Language Notes: | In english |
| Published: |
[San Francisco, California, USA] :
Learning Seed,
2003.
Kanopy Streaming, 2016. |
| Subjects: | |
| Online Access: | Connect to this streaming video |
MARC
| Tag | First Indicator | Second Indicator | Subfields |
|---|---|---|---|
| LEADER | 00000cgm a22000004a 4500 | ||
| 001 | in00003754313 | ||
| 006 | m o c | ||
| 007 | cr una---unuuu | ||
| 007 | vz uzazuu | ||
| 008 | 160825p20162003cau029 o vleng d | ||
| 005 | 20260324163025.5 | ||
| 028 | 5 | 2 | |a 1097879 |b Kanopy |
| 035 | |a (OCoLC)956898902 | ||
| 035 | |a (CaSfKAN)kan1097879 | ||
| 040 | |a VDU |b eng |c VDU |d UtOrBLW | ||
| 245 | 0 | 0 | |a Criminal Justice: Social Issues. |
| 264 | 1 | |b Learning Seed, |c 2003. | |
| 264 | 1 | |a [San Francisco, California, USA] : |b Kanopy Streaming, |c 2016. | |
| 300 | |a 1 online resource (streaming video file) (30 minutes): |b digital, .flv file, sound | ||
| 306 | |a 002901 | ||
| 336 | |a two-dimensional moving image |b tdi |2 rdacontent | ||
| 337 | |a computer |b c |2 rdamedia | ||
| 338 | |a online resource |b cr |2 carrier | ||
| 500 | |a Title from title frames. | ||
| 500 | |a Film | ||
| 518 | |a Originally produced by Learning Seed in 2003. | ||
| 520 | |a This video focuses on the criminal justice system and its role in protecting society while attempting to rehabilitate those who are incarcerated. A close look is given to current events in the justice system — e.g., the odd phenomenon of national crime statistics reporting a decrease in crime while the number of persons in prison is increasing. In addition, the video explores topics related to:. • Why people commit crimes in the first place • How the “criminal justice system” can victimize those who commit crimes • How being incarcerated often leads to recidivism • How social service professionals can best use education, prevention and intervention • How to break the cycle that keeps offenders coming back for “three hots and a cot”. | ||
| 538 | |a Mode of access: World Wide Web. | ||
| 546 | |a In english | ||
| 500 | |a Electronic resource. | ||
| 650 | 0 | |a Mental health. |0 http://id.loc.gov/authorities/subjects/sh85083615 | |
| 655 | 7 | |a Internet videos. |2 lcgft |0 http://id.loc.gov/authorities/genreForms/gf2011026337 | |
| 655 | 7 | |a Educational films. |2 lcgft |0 http://id.loc.gov/authorities/genreForms/gf2011026219 | |
| 710 | 2 | |a Learning Seed (Firm),$4dst. | |
| 710 | 2 | |a Kanopy (Firm),$4dst. | |
| 856 | 4 | 0 | |u http://proxy.library.tamu.edu/login?url=https://texasam.kanopystreaming.com/node/97880 |z Connect to this streaming video |t 0 |
| 999 | f | f | |s e37eef6d-e8d4-3706-97df-867e88e67978 |i 0a04f41e-9304-3905-9a21-15a5b61b598e |t 0 |
| 952 | f | f | |a Texas A&M University |b College Station |c Electronic Resources |s www_evans |d Available Online |t 0 |h No information provided |
| 998 | f | f | |t 0 |l Available Online |